PHP a MySQL. Hotová řešení

Gespeichert in:
Bibliographische Detailangaben
1. Verfasser: Lacko, Ľuboslav (Verfasst von)
Format: Buch
Sprache:Tschechisch
Veröffentlicht: Brno : Computer Press, 2005
Schlagworte:
Tags: Tag hinzufügen
Keine Tags, Fügen Sie das erste Tag hinzu!

MARC

LEADER 00000nam a22000003a 4500
001 stu93739
005 20150617225614.2
008 050428s2005----xr------------------cze-d
020 |a 80-251-0397-8 
040 |a STU  |b slo 
041 0 |a cze 
044 |a xr 
080 |a 004.432.2  |7 stu_us_auth*stu795 
080 |a 004.652.4 
080 |a 681.32.016 
100 1 |a Lacko, Ľuboslav  |4 aut 
245 1 |a PHP a MySQL. Hotová řešení 
260 |a Brno :  |b Computer Press,  |c 2005 
300 |a 298 s 
650 7 |a skriptové jazyky  |2 stusub 
650 7 |a PHP  |2 stusub 
650 7 |a MySQL  |2 stusub 
996 |c I*10DS5702  |l I  |s A  |a 24  |w stu93739_0001 
996 |b 284EK85600  |c E*85600  |l EELSDV  |s P  |a 0  |w stu93739_0002